| 000 | 01040 a2200241 4500 | ||
|---|---|---|---|
| 003 | Nust | ||
| 005 | 20230103100637.0 | ||
| 010 | _a 2002024424 | ||
| 020 | _a0071385436 (pbk. : alk. paper) | ||
| 040 | _cNust | ||
| 082 | 0 | 0 | _a629.892,SHI |
| 100 | 1 |
_aShircliff, David R. _961496 |
|
| 245 | 1 | 0 |
_aBuild a remote-controlled robot / _cDavid R. Shircliff. |
| 260 |
_aNew York : _bMcGraw-Hill, _cc2002. |
||
| 300 |
_axxxi, 112 p. : _bill. ; _c23 cm. |
||
| 505 | _aThe Motorized Platform (Page-1), Body Framework (Page-13), Power Supply and Temporary Control Box (Page-39), Remote Control System (Page-53), Arms and Subsystems (Page-67), Skin and Finishing (Page-85). | ||
| 650 | 0 |
_aRemote control _9106696 |
|
| 650 | 0 | _aRobotics | |
| 856 | 4 | 2 |
_3Contributor biographical information _uhttp://www.loc.gov/catdir/bios/mh041/2002024424.html |
| 856 | 4 | 2 |
_3Publisher description _uhttp://www.loc.gov/catdir/description/mh024/2002024424.html |
| 856 | 4 | 2 |
_3Table of contents _uhttp://www.loc.gov/catdir/toc/mh023/2002024424.html |
| 942 |
_2ddc _cBK |
||
| 999 |
_c178744 _d178744 |
||